[Event "POL-ch sf"]
[Site "Karpacz"]
[Date "2023.12.07"]
[Round "4"]
[White "Mondrzycki, Bartlomiej"]
[Black "Rychlik, Michal"]
[Result "1-0"]
[WhiteElo "2231"]
[BlackElo "1718"]
[PlyCount "85"]
[EventDate "2023.12.04"]
[EventType "swiss"]
[EventRounds "9"]
[EventCountry "POL"]
[SourceTitle "CB50_2023"]
[SourceDate "2023.12.13"]
[SourceVersion "1"]
[SourceVersionDate "2023.12.13"]
[SourceQuality "1"]

1. Nf3 Nf6 2. c4 g6 3. b3 Bg7 4. Bb2 0-0 5. g3 d6 6. Bg2 c5 7. 0-0 Nc6 8. d4 Ne4 9. e3 Rb8 10. Ne1 Nf6 11. dxc5 dxc5 12. Qxd8 Rxd8 13. Bxc6 bxc6 14. Be5 Bh3 15. Ng2 Ne4 16. Bxg7 Kxg7 17. f3 Ng5 18. Kf2 e5 19. Rc1 Rd7 20. Ne1 Rbd8 21. g4 h5 22. gxh5 gxh5 23. Nc3 Rd2+ 24. Kg3 Rh8 25. Kh4 f6 26. Ne4 Nxe4 27. fxe4 Bg4 28. Rc2 Rhd8 29. h3 Rxc2 30. Nxc2 Bf3 31. Ne1 Rd1 32. Rxd1 Bxd1 33. Nd3 Kg6 34. Nxc5 f5 35. Nd7 fxe4 36. Nxe5+ Kf5 37. Nxc6 a6 38. Ne7+ Kf6 39. Nd5+ Ke5 40. Kg5 a5 41. Nc3 Bf3 42. h4 Kd6 43. Kf4 1-0

[Event "POL-ch sf"]
[Site "Karpacz"]
[Date "2023.12.06"]
[Round "3"]
[White "Bartodziej, Bartosz"]
[Black "Mondrzycki, Bartlomiej"]
[Result "0-1"]
[WhiteElo "1926"]
[BlackElo "2231"]
[PlyCount "116"]
[EventDate "2023.12.04"]
[EventType "swiss"]
[EventRounds "9"]
[EventCountry "POL"]
[SourceTitle "CB50_2023"]
[SourceDate "2023.12.13"]
[SourceVersion "1"]
[SourceVersionDate "2023.12.13"]
[SourceQuality "1"]

1. e4 c5 2. Nf3 d6 3. d4 cxd4 4. Nxd4 Nf6 5. Nc3 a6 6. Be3 e5 7. Nb3 Be6 8. f4 exf4 9. Bxf4 Nc6 10. Qe2 Be7 11. h3 0-0 12. 0-0-0 Qc7 13. g4 Nd7 14. Kb1 Rfe8 15. Qg2 Rac8 16. g5 Nce5 17. Nd4 Qa5 18. Nd5 Bxd5 19. exd5 Bf8 20. h4 Nb6 21. Nb3 Qa4 22. Rd4 Nbc4 23. h5 g6 24. Qh3 Bg7 25. hxg6 hxg6 26. Bc1 Kf8 27. Rh4 Ke7 28. Rh7 Rh8 29. Qg2 Rxh7 30. Rxh7 Kf8 31. Qf2 Kg8 32. Rh4 Qe8 33. Bh3 Rc7 34. Nd4 Re7 35. b3 Nb6 36. Bg2 Nbd7 37. Ba3 Nc5 38. Bb2 Ned3 39. cxd3 Nxd3 40. Qd2 Re1+ 41. Kc2 Nxb2 42. Bf3 Re3 43. Kxb2 Rxf3 44. Ka3 Rf1 45. Rh3 Qe1 46. Nf3 Qxd2 47. Nxd2 Rf5 48. Rd3 Rxg5 49. b4 Rg2 50. Nc4 Bf8 51. Kb3 g5 52. Ne3 Rg3 53. Kc2 Kh7 54. Kd2 Bg7 55. Nf5 Rg2+ 56. Ke3 Be5 57. a4 Kg6 58. Kf3 Rb2 0-1

[Event "POL-chT 2nd League"]
[Site "Jastrzebia Gora"]
[Date "2023.09.05"]
[Round "4.25"]
[White "Mondrzycki, Bartlomiej"]
[Black "Sliwicka, Alicja"]
[Result "1-0"]
[WhiteElo "2208"]
[BlackElo "2321"]
[PlyCount "24"]
[EventDate "2023.09.02"]
[EventType "team-swiss"]
[EventRounds "9"]
[EventCountry "POL"]
[SourceTitle "EXT 2024"]
[Source "ChessBase"]
[SourceDate "2023.10.10"]
[SourceVersion "1"]
[SourceVersionDate "2023.10.10"]
[SourceQuality "1"]
[WhiteTeam "Wisznia Mala Bialy Krol"]
[BlackTeam "Torun UKS OPP"]
[WhiteTeamCountry "POL"]
[BlackTeamCountry "POL"]

1. Nf3 Nf6 2. c4 e6 3. g3 d5 4. Bg2 d4 5. 0-0 c5 6. e3 Nc6 7. d3 Bd6 8. exd4 cxd4 9. Bg5 h6 10. Bxf6 Qxf6 11. Nbd2 Qd8 12. a3 a5 1-0

[Event "Ostrava Konik op-A"]
[Site "Ostrava"]
[Date "2023.05.11"]
[Round "6"]
[White "Dobrovolsky, Ladislav"]
[Black "Mondrzycki, Bartlomiej"]
[Result "1/2-1/2"]
[WhiteElo "2178"]
[BlackElo "2260"]
[PlyCount "73"]
[EventDate "2023.05.06"]
[EventType "swiss"]
[EventRounds "9"]
[EventCountry "CZE"]
[SourceTitle "CBM 214 Extra"]
[Source "ChessBase"]
[SourceDate "2023.07.31"]
[SourceVersion "1"]
[SourceVersionDate "2023.07.31"]
[SourceQuality "1"]

1. c4 e6 2. Nf3 Nf6 3. g3 d5 4. Bg2 Bd6 5. 0-0 0-0 6. b3 dxc4 7. bxc4 e5 8. Nc3 Re8 9. d3 h6 10. Rb1 c6 11. Nd2 Bf8 12. Qb3 Na6 13. Ba3 Nc5 14. Bxc5 Bxc5 15. Na4 Bf8 16. h3 Bf5 17. Qc2 Qd7 18. Kh2 Rad8 19. Nc3 Qc7 20. Rb3 Bc8 21. Nf3 Nd7 22. Rbb1 Nc5 23. Rbd1 Ne6 24. e3 a6 25. d4 exd4 26. exd4 Qa5 27. d5 cxd5 28. Nxd5 Nc5 29. Nd4 Qa4 30. Nb3 Qa3 31. Nc7 Rxd1 32. Rxd1 Re7 33. Nd5 Re8 34. Nc7 Re7 35. Nd5 Re8 36. Nb6 Nxb3 37. Rh1 1/2-1/2

[Event "Brno op"]
[Site "Brno"]
[Date "2022.11.15"]
[Round "4"]
[White "Mondrzycki, Bartlomiej"]
[Black "Tikovsky, Alexander"]
[Result "1-0"]
[WhiteElo "2214"]
[BlackElo "2168"]
[PlyCount "75"]
[EventDate "2022.11.12"]
[EventType "swiss"]
[EventRounds "9"]
[EventCountry "CZE"]
[SourceTitle "CBM 211 Extra"]
[Source "ChessBase"]
[SourceDate "2023.01.31"]
[SourceVersion "1"]
[SourceVersionDate "2023.01.31"]
[SourceQuality "1"]

1. d4 g6 2. e4 Bg7 3. Nf3 d6 4. Bd3 Nc6 5. c3 Nf6 6. 0-0 0-0 7. Re1 e5 8. h3 Re8 9. d5 Ne7 10. b4 Kh8 11. c4 Nd7 12. Bf1 a5 13. bxa5 Rxa5 14. a4 Rf8 15. Bd2 Ra8 16. a5 f5 17. Bb4 Ng8 18. Nc3 Bh6 19. Bd3 fxe4 20. Nxe4 Ndf6 21. Ra3 Nxe4 22. Bxe4 Nf6 23. Bc2 Nh5 24. c5 Nf4 25. cxd6 cxd6 26. Be4 Rf7 27. Nd2 Bf8 28. Nc4 Qf6 29. Rf3 g5 30. Nb6 g4 31. hxg4 Bxg4 32. Nxa8 Qh4 33. Rxf4 Rxf4 34. g3 Qh5 35. Qc2 Rf7 36. Nc7 Rf6 37. Bd2 Rxf2 38. Kxf2 1-0

[Event "Pardubice Czech op-A 33rd"]
[Site "Pardubice"]
[Date "2022.07.29"]
[Round "8"]
[White "Mondrzycki, Bartlomiej"]
[Black "Malek, Daniel"]
[Result "1/2-1/2"]
[WhiteElo "2180"]
[BlackElo "2355"]
[PlyCount "171"]
[EventDate "2022.07.22"]
[EventType "swiss"]
[EventRounds "9"]
[EventCountry "CZE"]
[SourceTitle "CBM 209 Extra"]
[Source "ChessBase"]
[SourceDate "2022.09.30"]
[SourceVersion "1"]
[SourceVersionDate "2022.09.30"]
[SourceQuality "1"]

1. d4 Nf6 2. Nf3 d5 3. c3 c5 4. dxc5 e6 5. b4 a5 6. e3 axb4 7. cxb4 b6 8. Bb5+ Bd7 9. Bxd7+ Nbxd7 10. a4 bxc5 11. b5 Ra7 12. 0-0 Qa8 13. Bb2 Be7 14. Ne5 Nxe5 15. Bxe5 0-0 16. Nd2 Nd7 17. Bc3 e5 18. a5 d4 19. b6 dxc3 20. Nc4 Rb7 21. a6 Rxb6 22. Qxd7 Rxa6 23. Rac1 Bf6 24. Rxc3 e4 25. Rcc1 Rd8 26. Qf5 Qd5 27. Qg4 Qe6 28. Qxe6 Rxe6 29. g4 h5 30. h3 hxg4 31. hxg4 Rd5 32. Kg2 Rg5 33. f3 Bd8 34. Rcd1 Bc7 35. Rg1 Rf6 36. f4 Rxg4+ 37. Kf2 Rxg1 38. Kxg1 Kf8 39. Rd5 Rc6 40. Kg2 Ke7 41. Rg5 g6 42. Kf2 Bd6 43. Ke2 Ra6 44. Kd2 Ke6 45. Kc3 Ra1 46. Kc2 Rh1 47. Kd2 Rh5 48. Rg1 Be7 49. Kc2 g5 50. fxg5 Bxg5 51. Ra1 Rh8 52. Ra6+ Kd5 53. Kc3 Rh6 54. Nb6+ Kc6 55. Nc4+ Kd5 56. Nb6+ Ke6 57. Nc4+ Kf5 58. Ra7 Ke6 59. Ra6+ Ke7 60. Ra7+ Kf8 61. Rc7 Be7 62. Kb3 Rh1 63. Rc8+ Kg7 64. Ne5 Rh3 65. Rc7 Kf6 66. Nc4 Bf8 67. Rc6+ Kg7 68. Rc7 Rh5 69. Ka4 Kg6 70. Rc8 Bh6 71. Kb5 Rh3 72. Rc6+ f6 73. Kxc5 Bxe3+ 74. Kd5 Kg5 75. Kxe4 f5+ 76. Kd3 Kf4 77. Rf6 Bc5+ 78. Ke2 Rh2+ 79. Kd1 Ke4 80. Rf7 f4 81. Nd2+ Kd3 82. Rd7+ Bd4 83. Rxd4+ Kxd4 84. Nf3+ Ke3 85. Nxh2 f3 86. Nxf3 1/2-1/2

[Event "Pardubice Czech op-E 33rd"]
[Site "Pardubice"]
[Date "2022.07.16"]
[Round "5.4"]
[White "Mondrzycki, Bartlomiej"]
[Black "Sysel, Michal"]
[Result "1-0"]
[WhiteElo "2180"]
[BlackElo "1864"]
[PlyCount "69"]
[EventDate "2022.07.14"]
[EventType "team-swiss"]
[EventRounds "7"]
[EventCountry "CZE"]
[SourceTitle "CBM 209 Extra"]
[Source "ChessBase"]
[SourceDate "2022.09.30"]
[SourceVersion "1"]
[SourceVersionDate "2022.09.30"]
[SourceQuality "1"]
[WhiteTeam "Kamikadze"]
[BlackTeam "Cerebro"]
[WhiteTeamCountry "POL"]
[BlackTeamCountry "CZE"]

1. d4 Nf6 2. Nf3 g6 3. Bg5 Bg7 4. c3 d5 5. e3 c6 6. Nbd2 Qb6 7. Qb3 Qxb3 8. axb3 Nbd7 9. b4 0-0 10. Be2 Re8 11. 0-0 e5 12. Nb3 Ne4 13. Bh4 f6 14. Nfd2 Nxd2 15. Nxd2 exd4 16. cxd4 f5 17. Bf3 Nf6 18. b5 Ne4 19. Bxe4 fxe4 20. bxc6 bxc6 21. Rfc1 Bd7 22. Bg3 Kf7 23. Ra6 Rec8 24. Nb3 Bf8 25. h3 Be7 26. Be5 Be8 27. Kh2 Bd7 28. f4 Be8 29. g4 Bd7 30. Kg3 h5 31. Rca1 hxg4 32. hxg4 Rh8 33. Bxh8 Rxh8 34. Rxa7 Bh4+ 35. Kg2 1-0

[Event "Pobeskydy op 41st"]
[Site "Frydek Mistek"]
[Date "2022.04.15"]
[Round "3"]
[White "Smolik, Jachym"]
[Black "Mondrzycki, Bartlomiej"]
[Result "1-0"]
[WhiteElo "2278"]
[BlackElo "2212"]
[PlyCount "81"]
[EventDate "2022.04.14"]
[EventType "swiss"]
[EventRounds "9"]
[EventCountry "CZE"]
[SourceTitle "CBM 207 Extra"]
[Source "ChessBase"]
[SourceDate "2022.05.31"]
[SourceVersion "1"]
[SourceVersionDate "2022.05.31"]
[SourceQuality "1"]

1. d4 Nf6 2. c4 e6 3. Nf3 Bb4+ 4. Nbd2 0-0 5. a3 Be7 6. e4 d6 7. Bd3 e5 8. d5 a5 9. b3 Na6 10. 0-0 Nc5 11. Bc2 c6 12. Bb2 Bd7 13. b4 Na6 14. Bc3 cxd5 15. exd5 Rc8 16. Rc1 g6 17. Bb3 axb4 18. axb4 Nh5 19. Ne4 f5 20. Ng3 Nxg3 21. hxg3 Bf6 22. c5 dxc5 23. Bxe5 Nxb4 24. Bd6 Bb5 25. Bxc5 Nd3 26. Nd4 Nxc1 27. Ne6 Rxc5 28. Nxd8 Rxd8 29. d6+ Kg7 30. Re1 Nd3 31. Re7+ Bxe7 32. dxe7 Rd4 33. Qf3 Re5 34. Qxb7 Rd7 35. Qxb5 Re1+ 36. Kh2 Rexe7 37. f3 Ne5 38. Qc5 Rc7 39. Qd5 Rc8 40. Qd4 Kh6 41. Qh4+ 1-0

[Event "Pobeskydy op 41st"]
[Site "Frydek Mistek"]
[Date "2022.04.14"]
[Round "2"]
[White "Mondrzycki, Bartlomiej"]
[Black "Gnojek, Petr"]
[Result "1/2-1/2"]
[WhiteElo "2212"]
[BlackElo "2313"]
[PlyCount "138"]
[EventDate "2022.04.14"]
[EventType "swiss"]
[EventRounds "9"]
[EventCountry "CZE"]
[SourceTitle "CBM 207 Extra"]
[Source "ChessBase"]
[SourceDate "2022.05.31"]
[SourceVersion "1"]
[SourceVersionDate "2022.05.31"]
[SourceQuality "1"]

1. Nf3 d6 2. d4 g6 3. c4 Bg7 4. Nc3 Nd7 5. e4 e5 6. Be3 Ngf6 7. Be2 0-0 8. d5 Nc5 9. Nd2 a5 10. g4 Bxg4 11. Bxg4 Nd3+ 12. Ke2 Nxb2 13. Qg1 Nxg4 14. Qxg4 f5 15. Qh3 f4 16. Rab1 fxe3 17. fxe3 Nxc4 18. Nxc4 b6 19. Rhf1 Kh8 20. Rxf8+ Qxf8 21. Rf1 Qe7 22. a4 Re8 23. Nb5 Qd8 24. Rf7 Rf8 25. Rxc7 Qg5 26. Rc8 Qg1 27. Rxf8+ Bxf8 28. Nxb6 Qb1 29. Qc8 Kg7 30. Nd7 Be7 31. Qc4 Bh4 32. Qc3 Qa2+ 33. Kd3 Qxa4 34. Nxd6 Qxd7 35. Qxe5+ Kh6 36. Nc4 Qb5 37. Qc3 a4 38. d6 Qb1+ 39. Kd4 Qb5 40. e5 Kg7 41. Qd3 Bd8 42. Ke4 Qb7+ 43. Kd4 Qb5 44. Qc3 Kf7 45. Qc2 Ke6 46. Qa2 Kd7 47. e4 Qb4 48. Kd3 Qb5 49. Qc2 h5 50. Kd4 Qb4 51. Qd1 a3 52. Qc2 Bb6+ 53. Kd3 Bc5 54. Qa2 Qb5 55. Kc3 Bb4+ 56. Kd3 Bc5 57. Kc3 Qb4+ 58. Kd3 Kc6 59. Kc2 g5 60. Nd2 Qd4 61. Qe6 Bb6 62. Qc8+ Kb5 63. Qe8+ Kb4 64. Qf7 Qc3+ 65. Kd1 Be3 66. Qb7+ Ka4 67. Qa6+ Kb4 68. Qb7+ Ka4 69. Qa6+ Kb4 1/2-1/2

[Event "Wroclaw Anderssen Memorial"]
[Site "Wroclaw"]
[Date "2021.07.31"]
[Round "4"]
[White "Klimek, Marcin"]
[Black "Mondrzycki, Bartlomiej"]
[Result "0-1"]
[WhiteElo "1760"]
[BlackElo "2173"]
[PlyCount "79"]
[EventDate "2021.07.31"]
[EventType "swiss (rapid)"]
[EventRounds "9"]
[EventCountry "POL"]
[SourceTitle "CBM 203 Extra"]
[Source "ChessBase"]
[SourceDate "2021.09.30"]
[SourceVersion "1"]
[SourceVersionDate "2021.09.30"]
[SourceQuality "1"]

1. e4 Nf6 2. e5 Nd5 3. d4 Nb6 4. f4 d6 5. Nf3 g6 6. Bd3 Bg7 7. 0-0 0-0 8. h3 Na6 9. c3 c5 10. Nbd2 cxd4 11. cxd4 Nb4 12. Bb1 Bd7 13. a3 N4d5 14. Ne4 Rc8 15. exd6 exd6 16. Bd3 Ba4 17. b3 Bc6 18. f5 gxf5 19. Ng3 f4 20. Nh5 Bh6 21. Nh2 Qh4 22. Qg4+ Qxg4 23. Nxg4 Bg5 24. Nxf4 Nxf4 25. Bxf4 Bxf4 26. Rxf4 Nd5 27. Rf5 Kg7 28. Rg5+ Kh8 29. Rh5 f5 30. Bxf5 Rc7 31. Rf1 Bb5 32. Rf3 Be2 33. Rf2 Bxg4 34. Bxg4 Rc1+ 35. Kh2 Rxf2 36. Rxd5 Rf6 37. Rg5 Rc3 38. d5 h6 39. Rh5 Rxb3 40. Be6 0-1

[Event "Wroclaw Anderssen Memorial"]
[Site "Wroclaw"]
[Date "2021.07.31"]
[Round "7"]
[White "Mondrzycki, Bartlomiej"]
[Black "Karykowska, Anna"]
[Result "1-0"]
[WhiteElo "2173"]
[BlackElo "1982"]
[PlyCount "49"]
[EventDate "2021.07.31"]
[EventType "swiss (rapid)"]
[EventRounds "9"]
[EventCountry "POL"]
[SourceTitle "CBM 203 Extra"]
[Source "ChessBase"]
[SourceDate "2021.09.30"]
[SourceVersion "1"]
[SourceVersionDate "2021.09.30"]
[SourceQuality "1"]

1. Nf3 c5 2. c4 Nc6 3. Nc3 g6 4. e3 Bg7 5. d4 d6 6. d5 Nb8 7. h3 Nf6 8. e4 Nbd7 9. Be2 0-0 10. 0-0 a6 11. a4 Ne8 12. Be3 e5 13. g4 Nb8 14. Kh2 Kh8 15. Rg1 f5 16. gxf5 gxf5 17. exf5 Bxf5 18. Ng5 Nd7 19. Bg4 Bxg4 20. Qxg4 Ndf6 21. Qh4 Nc7 22. Nce4 Qe7 23. Nxh7 Ng8 24. Nhf6+ Bh6 25. Bxh6 1-0

[Event "Wroclaw Anderssen Memorial"]
[Site "Wroclaw"]
[Date "2021.07.31"]
[Round "2"]
[White "Raczykowska, Paulina"]
[Black "Mondrzycki, Bartlomiej"]
[Result "0-1"]
[WhiteElo "1897"]
[BlackElo "2173"]
[PlyCount "58"]
[EventDate "2021.07.31"]
[EventType "swiss (rapid)"]
[EventRounds "9"]
[EventCountry "POL"]
[SourceTitle "CBM 203 Extra"]
[Source "ChessBase"]
[SourceDate "2021.09.30"]
[SourceVersion "1"]
[SourceVersionDate "2021.09.30"]
[SourceQuality "1"]

1. e4 Nf6 2. e5 Nd5 3. c4 Nb6 4. d4 d6 5. exd6 exd6 6. Nf3 Be7 7. Bd3 Nc6 8. 0-0 Bg4 9. h3 Bh5 10. Be3 0-0 11. Nbd2 Bf6 12. Qb1 Bg6 13. Ne4 Bxe4 14. Bxe4 Nxc4 15. Bxh7+ Kh8 16. Bd3 d5 17. b3 Nd6 18. Qd1 g6 19. Bc2 Ne4 20. Nh2 Bg7 21. Rc1 f5 22. f3 Ng3 23. Re1 Re8 24. Bf2 Qg5 25. Qd3 Nb4 26. Qb5 Rxe1+ 27. Rxe1 Nxc2 28. Re8+ Rxe8 29. Qxe8+ Kh7 0-1

[Event "POL-chT 2nd League"]
[Site "Poronin"]
[Date "2020.09.13"]
[Round "9.9"]
[White "Bajerlein, Dawid"]
[Black "Mondrzycki, Bartlomiej"]
[Result "0-1"]
[WhiteElo "2037"]
[BlackElo "2167"]
[PlyCount "94"]
[EventDate "2020.09.05"]
[EventType "team-swiss"]
[EventRounds "9"]
[EventCountry "POL"]
[SourceTitle "CBM 198 Extra"]
[Source "ChessBase"]
[SourceDate "2020.11.30"]
[SourceVersion "1"]
[SourceVersionDate "2020.11.30"]
[SourceQuality "1"]
[WhiteTeam "Lipno Steszew"]
[BlackTeam "Wisznia Mala Bialy Krol II"]
[WhiteTeamCountry "POL"]
[BlackTeamCountry "POL"]

1. d4 Nf6 2. c4 g6 3. Nc3 Bg7 4. g3 0-0 5. Bg2 d6 6. Nf3 c6 7. 0-0 Qb6 8. h3 Qa6 9. b3 b5 10. Nd2 Bb7 11. Bb2 Nbd7 12. e3 bxc4 13. Nxc4 Nb6 14. Nxb6 axb6 15. a4 Rfc8 16. Qd2 c5 17. Bxb7 Qxb7 18. d5 Nd7 19. e4 c4 20. b4 Ne5 21. f4 Nd3 22. Rfb1 Nxb4 23. Nb5 Bxb2 24. Qxb2 Nd3 25. Qd4 Nc5 26. Qxc4 Nxa4 27. Qb4 Nc5 28. Nd4 Nxe4 29. Nc6 Nxg3 30. Kh2 Nf5 31. Rg1 Ra6 32. Rae1 Ra2+ 33. Kh1 Rca8 34. Rg5 R8a4 35. Qb1 Kf8 36. Reg1 Ra1 37. Qb2 Rxg1+ 38. Kxg1 f6 39. Rg2 Qa6 40. Re2 Qd3 41. Nxe7 Qg3+ 42. Kh1 Qxh3+ 43. Kg1 Qg3+ 44. Kh1 Qh4+ 45. Kg1 Nxe7 46. Rh2 Qe1+ 47. Kg2 Rxf4 0-1

[Event "POL-chT 2nd League"]
[Site "Poronin"]
[Date "2020.09.11"]
[Round "7.11"]
[White "Sokolowski, Ryszard"]
[Black "Mondrzycki, Bartlomiej"]
[Result "1/2-1/2"]
[WhiteElo "1993"]
[BlackElo "2167"]
[PlyCount "138"]
[EventDate "2020.09.05"]
[EventType "team-swiss"]
[EventRounds "9"]
[EventCountry "POL"]
[SourceTitle "CBM 198 Extra"]
[Source "ChessBase"]
[SourceDate "2020.11.30"]
[SourceVersion "1"]
[SourceVersionDate "2020.11.30"]
[SourceQuality "1"]
[WhiteTeam "Koszalin Hetman Politechnika"]
[BlackTeam "Wisznia Mala Bialy Krol II"]
[WhiteTeamCountry "POL"]
[BlackTeamCountry "POL"]

1. d4 Nf6 2. c4 g6 3. Nc3 Bg7 4. e4 d6 5. Be2 0-0 6. Bg5 c5 7. d5 e6 8. Nf3 exd5 9. exd5 h6 10. Bf4 g5 11. Bg3 Nh5 12. Qc2 f5 13. Nd2 Nxg3 14. hxg3 Qf6 15. f4 g4 16. Nf1 Bd7 17. Rh5 Qf7 18. Rh4 Na6 19. a3 Rae8 20. 0-0-0 Re7 21. Nb5 Bxb5 22. cxb5 Nc7 23. Bc4 a6 24. a4 axb5 25. axb5 Na8 26. Nd2 Nb6 27. Rhh1 Nxc4 28. Nxc4 Qf6 29. Rhe1 Rfe8 30. Qd2 Re4 31. Rxe4 Rxe4 32. Na3 Rb4 33. Qc3 Qe7 34. Re1 Qf7 35. Qd3 Bxb2+ 36. Kc2 Bg7 37. Nc4 Qd7 38. Qe2 Kh7 39. Qd3 Kg8 40. Na3 c4 41. Qe3 Rb2+ 42. Kd1 Rb3 43. Qe8+ Qxe8 44. Rxe8+ Kf7 45. Ra8 Bd4 46. Nxc4 Bc5 47. Rd8 Ke7 48. Rh8 Rxb5 49. Rh7+ Kf6 50. Rxh6+ Kg7 51. Re6 Rb3 52. Nxd6 Bxd6 53. Rxd6 b5 54. Kc2 Rxg3 55. Rb6 Rxg2+ 56. Kd3 Rb2 57. d6 Kf6 58. d7+ Ke7 59. Rd6 Kd8 60. Rd5 g3 61. Rxf5 g2 62. Rg5 Kxd7 63. Kc3 Rf2 64. Rg6 Ke7 65. Kb4 Kf7 66. f5 Rf4+ 67. Kb3 Rf3+ 68. Kb4 Rf2 69. Kb3 Rxf5 1/2-1/2

[Event "Wroclaw op"]
[Site "Wroclaw"]
[Date "2020.08.07"]
[Round "8"]
[White "Cukrowski, Filip"]
[Black "Mondrzycki, Bartlomiej"]
[Result "1-0"]
[WhiteElo "2419"]
[BlackElo "2140"]
[PlyCount "93"]
[EventDate "2020.08.01"]
[EventType "swiss"]
[EventRounds "9"]
[EventCountry "POL"]
[SourceTitle "CBM 197 Extra"]
[Source "ChessBase"]
[SourceDate "2020.09.30"]
[SourceVersion "1"]
[SourceVersionDate "2020.09.30"]
[SourceQuality "1"]

1. e4 c5 2. Nf3 d6 3. d4 cxd4 4. Nxd4 Nf6 5. Nc3 Nc6 6. Bg5 e6 7. Qd2 a6 8. Be2 Bd7 9. f4 Be7 10. 0-0-0 0-0 11. Nf3 Qa5 12. Kb1 Rfd8 13. Bd3 Rac8 14. Rhe1 Nb4 15. a3 Nxd3 16. cxd3 Kf8 17. d4 d5 18. e5 Ng8 19. Rc1 h6 20. Bxe7+ Nxe7 21. Qd3 Kg8 22. g4 b5 23. Na2 Qb6 24. Rxc8 Rxc8 25. Rc1 Rxc1+ 26. Kxc1 b4 27. Nxb4 Bb5 28. Qe3 a5 29. Nd3 Nc6 30. Nc5 Bf1 31. Nd2 Bg2 32. f5 Ne7 33. fxe6 fxe6 34. Qe2 Bh1 35. Qf1 Be4 36. Ndxe4 dxe4 37. Qe2 Qc6 38. Kd2 Qb6 39. Kc2 Nc6 40. Qxe4 Qb5 41. Qd3 Qb8 42. Qc4 Kh8 43. Nxe6 Qc8 44. Kb1 Qd7 45. h3 a4 46. Nc5 Qd8 47. e6 1-0

[Event "Pardubice Czech op-B 30th"]
[Site "Pardubice"]
[Date "2019.07.23"]
[Round "5"]
[White "Mondrzycki, Bartlomiej"]
[Black "Eret, Jonas"]
[Result "1-0"]
[WhiteElo "2071"]
[BlackElo "2201"]
[PlyCount "85"]
[EventDate "2019.07.19"]
[EventType "swiss"]
[EventRounds "9"]
[EventCountry "CZE"]
[SourceTitle "EXT 2020"]
[Source "ChessBase"]
[SourceDate "2019.10.17"]
[SourceVersion "1"]
[SourceVersionDate "2019.10.17"]
[SourceQuality "1"]

1. e4 e6 2. d4 d5 3. Nc3 Nf6 4. Bg5 Be7 5. e5 Nfd7 6. h4 h6 7. Bxe7 Qxe7 8. Qd2 a6 9. f4 c5 10. Nf3 Nc6 11. g4 cxd4 12. Nxd4 Qc5 13. Nce2 Nb6 14. h5 Nc4 15. Qc3 Qb6 16. 0-0-0 Bd7 17. Nxc6 bxc6 18. Nd4 c5 19. Nb3 Bc6 20. Rh3 Qb4 21. Bxc4 dxc4 22. Nd2 Bd5 23. a3 Qb5 24. g5 Rb8 25. Rg1 Rb7 26. Nf1 Ke7 27. Ne3 Rhb8 28. Nd1 Be4 29. gxh6 gxh6 30. Rhg3 Qa4 31. Rg8 Rxg8 32. Rxg8 Rd7 33. Ne3 Bh7 34. Rh8 Be4 35. Qe1 Rc7 36. Qh4+ Kd7 37. Qd8+ Kc6 38. Qe8+ Rd7 39. Qb8 Qa5 40. Rc8+ Rc7 41. Qa8+ Kb5 42. Rb8+ Ka4 43. Qxe4 1-0